Online
Catalog

Ho chi minh on revolution / (Record no. 40915)

MARC details
000 -CABECERA
campo de control de longitud fija 00683nam a2200193 a 4500
001 - NÚMERO DE CONTROL
campo de control 000041425
005 - FECHA Y HORA DE LA ÚLTIMA TRANSACCIÓN
campo de control 20201002034858.0
008 - DATOS DE LONGITUD FIJA--INFORMACIÓN GENERAL
campo de control de longitud fija 131003s1968 xxu 000 0 eng d
040 ## - FUENTE DE LA CATALOGACIÓN
Centro catalogador/agencia de origen DO-SdBNP
Lengua de catalogación eng
Centro/agencia transcriptor BNPHU
082 ## - NÚMERO DE LA CLASIFICACIÓN DECIMAL DEWEY
Número de clasificación 923.1
-- H678s, 1980
100 1# - ENTRADA PRINCIPAL--NOMBRE DE PERSONA
Nombre de persona Ho, Chi Minh,
Fechas asociadas al nombre 1890-1969
9 (RLIN) 33172
245 10 - MENCIÓN DE TÍTULO
Título Ho chi minh on revolution /
Mención de responsabilidad, etc. Ho Chi Minh ; editor Bernard B. Fall.
260 ## - PUBLICACIÓN, DISTRIBUCIÓN, ETC.
Lugar de publicación, distribución, etc. London :
Nombre del editor, distribuidor, etc. Signet Books,
Fecha de publicación, distribución, etc. 1968.
300 ## - DESCRIPCIÓN FÍSICA
Extensión 349 p. ;
Dimensiones 18 cm.
504 ## - NOTA DE BIBLIOGRAFÍA, ETC.
Nota de bibliografía, etc. Incluye referencias bibliográficas y notas al pie de las páginas
600 10 - PUNTO DE ACCESO ADICIONAL DE MATERIA--NOMBRE DE PERSONA
Nombre de persona HO, CHI MINH,
Fechas asociadas al nombre 1890-1969
9 (RLIN) 33173
650 #4 - PUNTO DE ACCESO ADICIONAL DE MATERIA--TÉRMINO DE MATERIA
Término de materia o nombre geográfico como elemento de entrada Vietnam
Subdivisión general Política y gobierno
Subdivisión cronológica 1954-1969
9 (RLIN) 33174
700 1# - PUNTO DE ACCESO ADICIONAL--NOMBRE DE PERSONA
Nombre de persona B. Fall, Bernard,
Término indicativo de función/relación ed.
9 (RLIN) 68095
Holdings
Estado de retiro Estado de pérdida Restricciones de uso No para préstamo Código de colección Localización permanente Ubicación/localización actual Ubicación en estantería Fecha de adquisición Número de inventario Total de préstamos Signatura topográfica completa Código de barras Fecha visto por última vez Precio válido a partir de Tipo de ítem Koha
      Excluido de préstamo Monografías: Libros y Folletos General General Depósito 03.10.2013 LF1   923.1 41425-10 25.06.2020 25.06.2020 No se presta

Powered by Koha